00000000nam##2200000za#4500
0019.647182
003CaOODSP
00520200716143757
007ta
008150407|1998||||xxc|||||     f|0| 0 eng|d
020 |a0-662-27376-1
040 |aCaOODSP|beng
043 |an-cn---
0861 |aJU11-4/1998E
1102 |aCanadian Judicial Council.
24510|aEthical principles for judges
260 |aOttawa - Ontario : |bCanadian Judicial Council |c1998.
300 |aiv, 48p. ; |c23 cm.
500 |a"Represents a concise yet comprehensive set of principles addressing the many difficult ethical issues that confront judges as they work and live in their communities. It also provides a sound basis to promote a more complete a more complete understanding of the role of the judge in society and of the ethical dilemmas they so often encounter."--Page iii.
5203 |aRepresents a concise yet comprehensive set of principles addressing the many difficult ethical issues that confront judges as they work and live in their communities. It also provides a sound basis to promote a more complete a more complete understanding of the role of the judge in society and of the ethical dilemmas they so often encounter.--Page iii
563 |aSoftcover
590 |a98-50|b1998-12-11
69007|aCourts|2gcpds
77508|tPrincipes de déontologie judiciaire |w(CaOODSP)9.680609
7760#|tEthical principles for judges |w(CaOODSP)9.695440